The RICS and Macdonald and Company UK rewards and attitudes survey 2016 (Record no. 115757)

MARC details
000 -LEADER
fixed length control field 01614cad a22003015a 4500
001 - CONTROL NUMBER
control field L159240
008 - FIXED-LENGTH DATA ELEMENTS--GENERAL INFORMATION
fixed length control field 100521s2016 xxkd f s 000 0 eng d
035 ## - SYSTEM CONTROL NUMBER
System control number (Sirsi) u159240
041 0# - LANGUAGE CODE
Language code of text/sound track or separate title eng
050 04 - LIBRARY OF CONGRESS CALL NUMBER
Classification number 331.281333 $2 18
110 2# - MAIN ENTRY--CORPORATE NAME
Corporate name or jurisdiction name as entry element Royal Institution of Chartered Surveyors
9 (RLIN) 4900
240 04 - UNIFORM TITLE
Uniform title The RICS and Macdonald and Company UK salary survey
245 04 - TITLE STATEMENT
Title The RICS and Macdonald and Company UK rewards and attitudes survey 2016
Remainder of title executive summary and key findings
Medium [electronic resource]
250 ## - EDITION STATEMENT
Edition statement 17th ed.
260 ## - PUBLICATION, DISTRIBUTION, ETC.
Place of publication, distribution, etc. London
Name of publisher, distributor, etc. Macdonald and Company
Place of publication, distribution, etc. London
Name of publisher, distributor, etc. RICS
Date of publication, distribution, etc. 2016
300 ## - PHYSICAL DESCRIPTION
Extent 24p.
520 ## - SUMMARY, ETC.
Summary, etc. Besides statistics on current salaries, recent salary increases, bonuses and employment package benefits, the results give an insight into wider issues that are important to professionals in their role and their attitudes toward employment. The survey shows that real estate capital markets, investment as well as industrial and retail leasing/agency have seen salaries rise at well above the industry average.
520 ## - SUMMARY, ETC.
Summary, etc. A full copy of the report is not available in the Library.
521 2# - TARGET AUDIENCE NOTE
Target audience note Advanced
590 ## - LOCAL NOTE (RLIN)
Local note KA
650 24 - SUBJECT ADDED ENTRY--TOPICAL TERM
Topical term or geographic name entry element RICS SALARY AND BENEFITS SURVEYS
651 #4 - SUBJECT ADDED ENTRY--GEOGRAPHIC NAME
Geographic name United Kingdom
690 ## - LOCAL SUBJECT ADDED ENTRY--TOPICAL TERM (OCLC, RLIN)
Topical term or geographic name as entry element Business and management
710 2# - ADDED ENTRY--CORPORATE NAME
Corporate name or jurisdiction name as entry element Macdonald and Company
9 (RLIN) 3846
856 40 - ELECTRONIC LOCATION AND ACCESS
Uniform Resource Identifier <a href="https://issuu.com/macdonald_company/docs/uk_salary_survey_2016">https://issuu.com/macdonald_company/docs/uk_salary_survey_2016</a>
Public note View the item free of charge at www.macdonaldandcompany.com...
856 40 - ELECTRONIC LOCATION AND ACCESS
Uniform Resource Identifier <a href="https://www.macdonaldandcompany.com/uk-salary-survey">https://www.macdonaldandcompany.com/uk-salary-survey</a>
Public note View the item free of charge at www.macdonaldandcompany.com...
942 ## - ADDED ENTRY ELEMENTS (KOHA)
Suppress in OPAC 0
Source of classification or shelving scheme Dewey Decimal Classification
Holdings
Withdrawn status Lost status Source of classification or shelving scheme Damaged status Not for loan Home library Current library Shelving location Date acquired Total Checkouts Full call number Barcode Date last seen Copy number Price effective from Koha item type
    Dewey Decimal Classification     Virtual Virtual Online 22/03/2016   ONLINE PUBLICATION 159240-2001 06/08/2019 1 06/08/2019 Book